| 000 | 01462cam a22004097a 4500 | ||
|---|---|---|---|
| 003 | CHAP | ||
| 005 | 20220329142815.0 | ||
| 008 | 040210d2003 us a r 00110 spa d | ||
| 010 | _a88039 | ||
| 011 | _a89011 | ||
| 020 | _a3901347283 | ||
| 035 | _a99560 | ||
| 040 | _cCHAP | ||
| 082 | 0 | 4 |
_a634.90913 _bW3Y |
| 100 | 0 | 0 |
_aWadsworth, Frank H. _9120762 |
| 245 | 1 | 0 |
_aProducción forestal para América tropical _c/por Frank H. Wadsworth |
| 260 |
_aWashington, D.C. : _bDepartamento de Agricultura DE LOS E.E.U.U. , _c2000. |
||
| 300 |
_a603 p. : _bilus. |
||
| 490 | 0 |
_aIUFRO-SPDC Textbook project _v; 3 |
|
| 490 | 0 |
_aManual de agricultura _v; 710-S |
|
| 500 | _aTrad. de : Forest production for tropical America, 1997. | ||
| 590 |
_aBATCH-UPD _b10 _c20130110 _lUCH01 _h0049 |
||
| 590 |
_aBATCH-UPD _b10 _c20130110 _lUCH01 _h1609 |
||
| 590 |
_aBATCH-UPD _b10 _c20130410 _lUCH01 _h1005 |
||
| 590 |
_aBATCH-UPD _b10 _c20130914 _lUCH01 _h0722 |
||
| 590 |
_aCONVERSION _b10 _c20130109 _lUCH01 _h1349 |
||
| 650 | 1 | 4 |
_aBosques _xTrópicos. _914401 |
| 650 | 1 | 4 |
_aRecursos forestales _xConservación. _995044 |
| 650 | 1 | 4 |
_aRecursos forestales _xTrópicos. _995068 |
| 650 | 1 | 4 |
_aSilvicultura sustentable. _9106136 |
| 830 | 0 |
_aManual de agricultura _v; 710-S _970602 |
|
| 830 | 0 | 0 |
_aIUFRO-SPDC Textbook project _v; 3 _960708 |
| 901 | _aBK | ||
| 905 | _aAlejandra Carrasco M. | ||
| 942 | _cLIBRO | ||
| 949 |
_a634.90913 W3Y _bBC _cLIBRO _d33724000914487 _eLIBRO _h104348 _i99560 _si |
||
| 999 |
_c88039 _d88039 |
||